Stati con più Cristiani in Asia - Statistics

Statistiche generali
  • Questo quiz è stato fatto 21 volte
  • Il punteggio medio è 7 su 10
Statistiche sulle risposte
Cristiani (in numeri assoluti) Stato % Corretto
67 070 000 Cina
95%
99 775 000 Russia
89%
86 500 000 Filippine
84%
28 436 000 India
84%
7 038 000 Vietnam
84%
4 150 000 Kazakistan
74%
24 000 000 Indonesia
68%
14 601 000 Corea del Sud
63%
3 790 000 Birmania
47%
3 930 000 Georgia
32%
Nessun quiz corrispondente trovato
Distribuzione punteggi
Percentuale di utenti per punteggio
Percentile per numero di risposta
I tuoi punteggi nel tempo
Non hai fatto questo quiz